Statistics for Answers Contain Water Quiz

Click here to take the quiz!

General Stats

  • This quiz has been taken 34,941 times
    (22,821 since last reset)
  • The average score is 12 of 20

Answer Stats

Clue Answer % Correct
Niagara, for instanceWaterfall
99%
Type of large fruitWatermelon
91%
A horse-based sport,
minus the horses, in a pool
Water Polo
88%
Nixon scandalWatergate
87%
Napoleon's final defeatWaterloo
82%
An exorcist needs plenty of thisHoly Water
80%
"Enhanced" interrogation techniqueWaterboarding
73%
Adam Sandler movieThe Waterboy
68%
Monopoly board utilityWater Works
66%
Post-apocalyptic movie starring
Kevin Costner
Waterworld
63%
Variety of taffySalt Water
60%
Ducks, geese, or swansWaterfowl
60%
Series of Monet paintingsWater Lilies
50%
Novel about rabbitsWatership Down
45%
Anti-malaria water often mixed with ginTonic Water
43%
Brand of crystalWaterford
42%
... Nor any drop to drinkWater Water
Everywhere
37%
Chicago blues musicianMuddy Waters
35%
Water made with extra deuteriumHeavy Water
31%
... and fire in the skySmoke on the
Water
21%

Score Distribution

Percentile by Number Answered

Percent of People with Each Score

Your Score History

You have not taken this quiz since the last reset